Vývoj kurzu slovenskej koruny od roku 1993 bakalárska práca

Enregistré dans:
Détails bibliographiques
Auteur principal: Hnatič, Erik
Collectivité auteur: Národohospodárska fakulta EU. Katedra bankovníctva a medzinárodných financií
Autres auteurs: Sobek, Otto
Format: Livre
Langue:slovaque
Publié: Bratislava 2009
Tags: Ajouter un tag
Pas de tags, Soyez le premier à ajouter un tag!

MARC

LEADER 00000nam$a2200000$$$4500
001 0100229
005 20240319123438.1
041 0 |a slo 
044 |a SK 
245 1 0 |a Vývoj kurzu slovenskej koruny od roku 1993  |b bakalárska práca  |c Erik Hnatič ; škol. Otto Sobek 
264 1 |a Bratislava  |c 2009 
300 |a 40 s. 
100 1 |a Hnatič, Erik 
700 1 |a Sobek, Otto 
710 2 |a Národohospodárska fakulta EU. Katedra bankovníctva a medzinárodných financií